[Event "RSA-ch U20"]
[Site "Cape Town"]
[Date "2019.12.08"]
[Round "3"]
[White "Van Schaik, Migael"]
[Black "Vundla, Mthandazo"]
[Result "0-1"]
[WhiteElo "1339"]
[BlackElo "1732"]
[PlyCount "76"]
[EventDate "2019.12.07"]
[EventType "tourn"]
[EventRounds "11"]
[EventCountry "RSA"]
[SourceTitle "CBM 193 Extra"]
[Source "ChessBase"]
[SourceDate "2020.01.31"]
[SourceVersion "1"]
[SourceVersionDate "2020.01.31"]
[SourceQuality "1"]

1. e4 c5 2. Nc3 Nc6 3. f4 e6 4. Nf3 d5 5. Bb5 Nge7 6. exd5 exd5 7. Qe2 Qd6 8. Ne5 g6 9. Bxc6+ bxc6 10. 0-0 Bg7 11. b3 0-0 12. Ba3 Nf5 13. Na4 Nd4 14. Qd1 Ne6 15. d4 Re8 16. Nxc5 f6 17. Nxe6 Qxe6 18. Nf3 Qe3+ 19. Kh1 Qxf4 20. Ne5 Qh4 21. Nxc6 Bg4 22. Qb1 Re2 23. Rg1 Rae8 24. Ne7+ R8xe7 25. Bxe7 Rxe7 26. Re1 Be2 27. Qb2 Bh6 28. Qc3 Kf7 29. Qh3 Qxh3 30. gxh3 Bd2 31. Rg1 Bc3 32. Rab1 Bf3+ 33. Rg2 Re2 34. Rbg1 Bxd4 35. c4 Bxg1 36. Kxg1 Rxg2+ 37. Kf1 Rxa2 38. c5 d4 0-1

[Event "RSA-ch U10"]
[Site "Gauteng"]
[Date "2017.04.07"]
[Round "4"]
[White "Baruch, Liam"]
[Black "Van Schaik, Migael"]
[Result "1/2-1/2"]
[WhiteElo "1196"]
[BlackElo "1355"]
[PlyCount "95"]
[EventDate "2017.04.05"]
[EventType "swiss"]
[EventRounds "11"]
[EventCountry "RSA"]
[SourceTitle "CBM 177 Extra"]
[Source "ChessBase"]
[SourceDate "2017.04.27"]
[SourceVersion "1"]
[SourceVersionDate "2017.04.27"]
[SourceQuality "1"]

1. e4 e6 2. d4 d5 3. exd5 exd5 4. Bd3 Nc6 5. c3 Bd6 6. h3 Nge7 7. Bg5 h6 8. Bh4 Be6 9. Ne2 Qd7 10. Bxe7 Qxe7 11. Nd2 Qd7 12. Qc2 a6 13. Nf1 0-0 14. Nfg3 Ne7 15. Qb1 b5 16. Bc2 Rfe8 17. Qd1 Ng6 18. Bxg6 Bxg3 19. Bxf7+ Bxf7 20. fxg3 Qe6 21. Rc1 Bg6 22. Rf1 Qe3 23. Rf3 Qg1+ 24. Kd2 Qxg2 25. Qf1 Qxf1 26. Rcxf1 Be4 27. Rf7 Rf8 28. Rxf8+ Rxf8 29. Rxf8+ Kxf8 30. Ke3 g5 31. h4 Kf7 32. Nc1 Kf6 33. hxg5+ hxg5 34. Nb3 Bb1 35. a3 Bf5 36. Nc5 Bc8 37. b4 c6 38. Nd3 Bb7 39. Ne5 Ke6 40. Kf3 Kf5 41. Nd3 Bc8 42. Nc5 g4+ 43. Ke3 Kg5 44. Nb3 Bd7 45. a4 Be6 46. axb5 axb5 47. Nc5 Bc8 48. Nd3 1/2-1/2

[Event "Wch U10"]
[Site "Batumi"]
[Date "2016.10.27"]
[Round "8"]
[White "Liandzbergas, Mykolas"]
[Black "Van Schaik, Migael"]
[Result "0-1"]
[WhiteElo "1501"]
[BlackElo "1180"]
[PlyCount "26"]
[EventDate "2016.10.19"]
[EventType "swiss"]
[EventRounds "11"]
[EventCountry "GEO"]
[SourceTitle "EXT 2018"]
[Source "ChessBase"]
[SourceDate "2017.10.13"]
[SourceVersion "1"]
[SourceVersionDate "2017.10.13"]
[SourceQuality "1"]

1. e4 e5 2. Nf3 Nc6 3. d4 exd4 4. c3 dxc3 5. Bc4 Nge7 6. Nxc3 g6 7. Bf4 Bg7 8. 0-0 0-0 9. Qd2 d6 10. Rfe1 Bd7 11. Rac1 Bg4 12. Qe3 Bxf3 13. Qxf3 d5 0-1

[Event "RSA-ch U10"]
[Site "Bloemfontein"]
[Date "2016.03.24"]
[Round "8"]
[White "Van Schaik, Migael"]
[Black "Webber, Ethan James"]
[Result "1-0"]
[WhiteElo "1201"]
[BlackElo "1192"]
[PlyCount "47"]
[EventDate "2016.03.20"]
[EventType "swiss"]
[EventRounds "11"]
[EventCountry "RSA"]
[SourceTitle "CBM 171 Extra"]
[Source "ChessBase"]
[SourceDate "2016.04.26"]
[SourceVersion "1"]
[SourceVersionDate "2016.04.26"]
[SourceQuality "1"]

1. e4 c5 2. Nc3 d6 3. f4 Nc6 4. Nf3 Nf6 5. Bb5 Bd7 6. Bc4 g6 7. 0-0 Bg7 8. d3 0-0 9. Qe1 Qc8 10. Qh4 a6 11. Ng5 h6 12. Nf3 b5 13. Bb3 Na5 14. Bd5 Bc6 15. Bxc6 Nxc6 16. Nd5 Qg4 17. Nxf6+ Bxf6 18. Qxg4 Rfd8 19. f5 Kh7 20. fxg6+ fxg6 21. Nh4 Rg8 22. Nf3 Rad8 23. Qh3 Bg7 24. Ng5+ 1-0

[Event "RSA-chT U10"]
[Site "Cape Town"]
[Date "2016.01.06"]
[Round "6.3"]
[White "Van Schaik, Migael"]
[Black "De Beer, Mignonne Alet"]
[Result "1-0"]
[WhiteElo "1171"]
[BlackElo "803"]
[PlyCount "26"]
[EventDate "2016.01.04"]
[EventType "team-tourn"]
[EventRounds "7"]
[EventCountry "RSA"]
[SourceTitle "CBM 170 Extra"]
[Source "ChessBase"]
[SourceDate "2016.02.25"]
[SourceVersion "1"]
[SourceVersionDate "2016.02.25"]
[SourceQuality "1"]
[WhiteTeam "Western Province"]
[BlackTeam "Johannesburg Metro"]
[WhiteTeamCountry "RSA"]
[BlackTeamCountry "RSA"]

1. e4 e5 2. Nf3 Nc6 3. Bb5 d6 4. d4 Bd7 5. Nc3 a6 6. Bxc6 bxc6 7. dxe5 Bg4 8. Bf4 dxe5 9. Qxd8+ Rxd8 10. Be3 Bd6 11. 0-0 Bb4 12. Rfd1 Rxd1+ 13. Rxd1 Ke7 1-0